The conservation of the old city of Cairo /

محفوظ في:

المؤلف الرئيسي: Antoniou, Jim (مؤلف)

مؤلف مشترك: Unesco.

التنسيق: كتاب

اللغة: English

منشور في: London : Unesco, 1980.

الموضوعات:

الوسوم: إضافة وسم

لا توجد وسوم, كن أول من يضع وسما على هذه التسجيلة!

رقم الطلب: DT150.5 .O5 A5x 1980

LEADER 01051namaa2200265 4500
001 20117
003 OSt
005 20250526090158.0
008 130303s1980 enkabe 000 0 eng d
040 |c ARCE Library 
043 |a f-ua--- 
050 4 |a DT150.5 .O5 A5x 1980 
100 1 |a Antoniou, Jim,  |e author  |9 25502 
245 1 4 |a The conservation of the old city of Cairo /  |c by Jim Antoniou...[et al.] 
264 1 |a London :   |b Unesco,   |c 1980. 
300 |a 104 pages :  |b illustrations, map, plans ;  |c 30 cm. 
500 |a "5 November 1980"--Page [2] of cover. 
500 |a At head of title: Restricted technical report RP/PP/1979-1980/4/7.6/05 ; Arab Republic of Egypt : Programme of participation in the activities of Member States for the preservation and presentation of the cultural and natural heritage." 
650 0 |a City planning  |z Egypt  |z Cairo. 
650 0 |a Architecture   |z Egypt   |z Cairo   |x Conservation and restoration. 
651 0 |a Cairo (Egypt)   |x Antiquities. 
710 2 |a Unesco. 
901 |a reviewed 
942 |c BK  |2 lcc 
999 |c 16876  |d 16876